ၽိုၼ်လၵ်ႈယွင်ႈယေႃးသူမ်လဵၸ်းဢၢတ်ႇယႃးထမ်းၸဝ်ႈၶေႇမႃႇၸႃႇရမိူဝ်ႈႁပ်ႉလႆႈၸုမ်ႈဢၵ်ႉၵမႁႃႇသတ်ႉထမ်မၸေႃးတိၵထၸဝၼ်းထိ22/5/2002။ (Record no. 23684)

000 -LEADER
fixed length control field 01279nam a22002297a 4500
003 - CONTROL NUMBER IDENTIFIER
control field OSt
005 - DATE AND TIME OF LATEST TRANSACTION
control field 20260122195012.0
008 - FIXED-LENGTH DATA ELEMENTS--GENERAL INFORMATION
fixed length control field 230403b ||||| |||| 00| 0 eng d
040 ## - CATALOGING SOURCE
Transcribing agency Ost
041 ## - LANGUAGE CODE
Language code of text/sound track or separate title Shan
082 ## - DEWEY DECIMAL CLASSIFICATION NUMBER
Classification number 808.4
245 ## - TITLE STATEMENT
Title ၽိုၼ်လၵ်ႈယွင်ႈယေႃးသူမ်လဵၸ်းဢၢတ်ႇယႃးထမ်းၸဝ်ႈၶေႇမႃႇၸႃႇရမိူဝ်ႈႁပ်ႉလႆႈၸုမ်ႈဢၵ်ႉၵမႁႃႇသတ်ႉထမ်မၸေႃးတိၵထၸဝၼ်းထိ22/5/2002။
260 ## - PUBLICATION, DISTRIBUTION, ETC.
Date of publication, distribution, etc. 2002
300 ## - PHYSICAL DESCRIPTION
Extent xvii၊ 252 ၼႃႈ
Other physical details ၶႅပ်းႁၢင်ႈ (သီ)
Dimensions 21 ၸိၼ်ႇထီႇ
500 ## - GENERAL NOTE
General note S-SAT: Dr. Prof Sai Aung Tun
General note ပဵၼ်ပပ်ႉၸဝ်ႈတႃႇၼႁင်းၶေႃ တွၵ်ႉတိူဝ်ႇၸၢႆးဢွင်ႇထုၼ်း၊ ဢဝ်လိၵ်ႈတႆးၶိုၼ်၊ တႆး၊ မၢၼ်ႈ၊ ထႆး၊ လၢဝ်ႈ လႄႈ ဢင်းၵိတ်းတႅမ်းႁူမ်ႈၵၼ်ဝႆႉ
650 ## - SUBJECT ADDED ENTRY--TOPICAL TERM
Topical term or geographic name entry element လိၵ်ႈႁွမ်တွမ်
Topical term or geographic name entry element ထေရုပ်ႉပတ်ႉတိ
942 ## - ADDED ENTRY ELEMENTS (KOHA)
Koha item type Book (Short term)
650 ## - SUBJECT ADDED ENTRY--TOPICAL TERM
9 (RLIN) 20801
9 (RLIN) 20943
Source of classification or shelving scheme
Source of classification or shelving scheme
Holdings
Withdrawn status Lost status Source of classification or shelving scheme Damaged status Not for loan Collection Code Permanent Location Current Location Shelving location Date acquired Total Checkouts Full call number Barcode Date last seen Copy number Price effective from Koha item type Accession
          Tai Collection Shan State Buddhist University Library Shan State Buddhist University Library Special Collection Shelves 03/04/2023   808.4 ၽိုၼ် ႑႗႔႖ S-SAT SH00001746 03/04/2023 1 03/04/2023 Book (Short term) ႑႗႔႖ S-SAT

Library - 09407999929
Admin Office - 09407999979
Dean Office - 09250910768
Registrar Office - 09892297154
Email - [email protected]
Shan State Buddhist University, Phaya Phyu Taunggyi, Shan State, Myanmar.